<?xml version="1.0" encoding="UTF-8"?>
<record
    xmlns:xsi="http://www.w3.org/2001/XMLSchema-instance"
    xsi:schemaLocation="http://www.loc.gov/MARC21/slim http://www.loc.gov/standards/marcxml/schema/MARC21slim.xsd"
    xmlns="http://www.loc.gov/MARC21/slim">

  <leader>00756nam a2200241 a 4500</leader>
  <controlfield tag="001">BRL_724</controlfield>
  <controlfield tag="005">20190320210852.0</controlfield>
  <controlfield tag="008">300913s1928----gw-c######---#000-0#ger-#</controlfield>
  <datafield tag="041" ind1=" " ind2=" ">
    <subfield code="a">ger</subfield>
  </datafield>
  <datafield tag="044" ind1=" " ind2=" ">
    <subfield code="a">gw</subfield>
  </datafield>
  <datafield tag="050" ind1=" " ind2="4">
    <subfield code="a">DC203</subfield>
    <subfield code="b">.M47 1928</subfield>
  </datafield>
  <datafield tag="100" ind1="1" ind2=" ">
    <subfield code="a">Merezhkovsky, Dmitry Sergeyevich</subfield>
    <subfield code="d">1865-1941</subfield>
    <subfield code="9">24756</subfield>
  </datafield>
  <datafield tag="245" ind1="1" ind2="0">
    <subfield code="a">Napoleon</subfield>
    <subfield code="b">Sein Leben Napoleon der Mensch</subfield>
    <subfield code="c">D. S. Mereschkowskij : Deutsch von Arthur Luther.</subfield>
  </datafield>
  <datafield tag="260" ind1=" " ind2=" ">
    <subfield code="a">Leipzig</subfield>
    <subfield code="b">Grethlein</subfield>
    <subfield code="c">1928</subfield>
  </datafield>
  <datafield tag="300" ind1=" " ind2=" ">
    <subfield code="a">537 p.</subfield>
    <subfield code="b">il.</subfield>
    <subfield code="c">21 cm.</subfield>
  </datafield>
  <datafield tag="500" ind1=" " ind2=" ">
    <subfield code="a">Au831</subfield>
  </datafield>
  <datafield tag="600" ind1="1" ind2="4">
    <subfield code="a">Napole&#xF3;n I, Emperador de Francia</subfield>
    <subfield code="d">1769-1821</subfield>
    <subfield code="9">317</subfield>
  </datafield>
  <datafield tag="650" ind1="1" ind2="4">
    <subfield code="a">Emperadores</subfield>
    <subfield code="v">Biograf&#xED;a</subfield>
    <subfield code="z">Francia</subfield>
    <subfield code="9">24757</subfield>
  </datafield>
  <datafield tag="651" ind1=" " ind2="4">
    <subfield code="a">Francia</subfield>
    <subfield code="x">Historia</subfield>
    <subfield code="z">1789-1815</subfield>
    <subfield code="9">24758</subfield>
  </datafield>
  <datafield tag="700" ind1="1" ind2=" ">
    <subfield code="a">Luther, Arthur</subfield>
    <subfield code="9">24759</subfield>
  </datafield>
  <datafield tag="902" ind1=" " ind2=" ">
    <subfield code="a">GRL</subfield>
  </datafield>
  <datafield tag="942" ind1=" " ind2=" ">
    <subfield code="2">lcc</subfield>
    <subfield code="c">B</subfield>
  </datafield>
  <datafield tag="999" ind1=" " ind2=" ">
    <subfield code="c">9536</subfield>
    <subfield code="d">9536</subfield>
  </datafield>
  <datafield tag="952" ind1=" " ind2=" ">
    <subfield code="0">0</subfield>
    <subfield code="1">0</subfield>
    <subfield code="4">0</subfield>
    <subfield code="7">0</subfield>
    <subfield code="a">BRL</subfield>
    <subfield code="b">BRL</subfield>
    <subfield code="d">2013-09-30</subfield>
    <subfield code="i">Au831</subfield>
    <subfield code="l">0</subfield>
    <subfield code="o">DC203 .M47 1928 (Au831)</subfield>
    <subfield code="p">GRL00792</subfield>
    <subfield code="r">2019-03-22 00:00:00</subfield>
    <subfield code="w">2019-03-22</subfield>
    <subfield code="y">B</subfield>
  </datafield>
</record>
